Statistics for History of Hungary Quiz

Click here to take the quiz!

General Stats

  • This quiz has been taken 80 times
  • The average score is 12 of 20

Answer Stats

QuestionAnswer% Correct
What empire was Hungary part of - which dissolved in 1918?Austria-Hungary
99%
What is the most famous invention of Ernő Rubik?Rubik's Cube
97%
What country did Hungary revolt against in 1956?Soviet Union
91%
What empire conquered Hungary entirely in 1541?Ottoman Empire
90%
After what European city has Hungary's currency, Florint, been named after?Florence
79%
What Hungarian-born escape artist grew up in Wisconsin?Harry Houdini
74%
What event has Hungary bid for six times, but has failed to win any
of them - more any other country?
Summer Olympics
71%
What hedge fund manager has frequently been blamed for all the world's ills?George Soros
66%
The dismantling of the electric fence along Hungary's border with Austria in 1989 was
the first fissure of what fictional boundry?
Iron Curtain
65%
What well-known piano virtuoso composed "Hungarian Rhapsody"?Franz Liszt
61%
What Hungarian-American Hollywood actress has famously married 9-times?Zsa Zsa Gabor
60%
What Prime Minister since 2010, has been accused of undermining democracy?Viktor Orbán
58%
What team sport has Hungary dominated at the Summer Olympics since the 1950s?Water Polo
52%
Who has scored the most goals for Hungary national football team?Ferenc Puskás
48%
What two countries did Hungary lose to in the 1938 and 1954 FIFA World Cup finals?Italy / West Germany
45%
Who is considered to be the first king of Hungary?Stephen I
40%
What Hungarian-American mathematician is considered to be one of the
most intelligent people of all-time?
John von {Neumann}
36%
Theodor Herzl is considered "father" of the modern version of what "ism"?Zionism
32%
What German composer composed the "Hungarian Dance"?Johannes Brahms
22%
What 16th century serial killer has been labeled as the most prolific female murderer?Elizabeth Báthory
22%

Score Distribution

Percentile by Number Answered

Percent of People with Each Score

Your Score History

You have not taken this quiz